000 00769nam a2200229 a 4500
001 000023075
005 20200930021954.0
008 101126s1968 it a 001 0 ita d
040 _aDO-SdBNP
_bspa
_cBNPHU
082 _a850.9
_bS884d
245 0 0 _aStoria della letteratura italiana /
_cDirección de Emilio Cecchi y Natalino Sapegno.
260 _aItalia :
_bGarzanti,
_c1968.
300 _av. :
_bil. ;
_c24 cm.
504 _aIncluye referencias bibliográficas y notas al pie de las páginas.
500 _aLa biblioteca solo posee el volumen 6.
650 4 _aLiteratura italiana
_93329
650 4 _aLiteratura italiana
_xHistoria y crítica
_939820
700 1 _aCecchi, Emilio
_947504
700 1 _aSapegno, Natalino
_947505
910 _aWM
049 _aBNGR
999 _c22572
_d22572